MDQL
is popping MORE tags! Check the
thread
!
Quizzes
Events
Quiz Creation
Community
Videos
Private Events
Remove Ads
Sign In
Join for FREE
Feedback
Dark Mode
Quiz Categories
Sports
Geography
Music
Movies
Television
Just For Fun
Miscellaneous
History
Literature
Language
Science
Gaming
Entertainment
Religion
Holiday
For Kids
Quiz Lab
Recent
Popular Today
Quiz Kudos Today
Editor Picks
Curator Picks
Quizzes by...
Day
Popularity
Type
Ratings
Length
Year
Community
Subscriptions
Recent Discussions
Orange Saloon
Badges
Playlists
Quests
Create
Leaderboards
Showdown
Live 5
Trivia Bingo
Activity
Puzzle Library
Sporcle Events
Private Events
Virtual Trivia
Globe League
Become a Host
Pub Owners
SporcleCon
Opinionation
Our Games
Videos
Blog
Mobile Apps
Partnerships
Remove Ads and Go Orange
Feedback
Music
Pop Music
The Beatles
Song
Album
Lyrics
Bands
Singers
Artist
Clip
Rock
Rap
Classical
Billboard
Country Music
Kpop
Taylor Swift
Music
Pop Music
The Beatles
Song
Album
Lyrics
Bands
Singers
Artist
Clip
Rock
Rap
Classical
Billboard
Country Music
Kpop
Taylor Swift
Random Quiz
Search Sporcle
×
Quiz Lab
Quiz Lab
Music
bride
Type in answers that appear in a list
Type in answers that appear in a list
Classic
Best Score? Go Orange.
Coffin - Black Veil Brides Lyrics Stats
Can you name the Coffin - Black Veil Brides Lyrics?
By
LynnHunter
10m
251 Questions
67 Plays
67 Plays
67 Plays
Comments
Comments
Give Quiz Kudos
Give Quiz Kudos
-
- Ratings
hide this ad
Replay
Link that replays current quiz
Next Quiz
Link to next quiz in quiz playlist
You Got
0%
They Got
Avg Score
85%
Avg Friend Score
Upgrade to see
Score Distribution
Jump to the score distribution portion of the page
Score
0/251
Timer
10:00
0
Plays Today
Lyrics
% Correct
you
100%
you
100%
you
100%
let
100%
you
100%
let
100%
you
100%
you
100%
you
100%
my
100%
let
100%
you
100%
my
100%
coffin
100%
you
100%
you
100%
let
100%
you
100%
let
100%
you
100%
you
100%
you
100%
my
100%
let
100%
you
100%
my
100%
coffin
100%
let
100%
you
100%
my
100%
let
100%
you
100%
my
100%
let
100%
you
100%
you
100%
you
100%
my
100%
let
100%
you
100%
my
100%
coffin
100%
you
100%
my
100%
let
100%
you
100%
my
100%
coffin!
100%
never
98.5%
steal
98.5%
never
98.5%
steal
98.5%
Never
98.5%
steal
98.5%
Never
98.5%
steal
98.5%
never
98.5%
steal
98.5%
never
98.5%
steal
98.5%
I'll
94%
I
94%
I
94%
I
94%
don't
94%
I'll
94%
I
94%
I
94%
don't
94%
I'll
94%
I
94%
don't
94%
I'll
94%
I
94%
don't
94%
I'll
94%
the
91%
the
91%
A
91%
So
91%
anything
91%
a
91%
so
91%
so
91%
Lyrics
% Correct
and
91%
a
91%
the
91%
a
91%
So
91%
anything
91%
a
91%
so
91%
So
91%
anything
91%
a
91%
so
91%
anything
91%
a
91%
so
91%
me
89.6%
forgotten
89.6%
me
89.6%
me
89.6%
forgotten
89.6%
me
89.6%
me
89.6%
forgotten
89.6%
me
89.6%
forgotten
89.6%
me
89.6%
your
88.1%
your
88.1%
I'm
88.1%
your
88.1%
owe
88.1%
dream
88.1%
I've
88.1%
sing
88.1%
your
88.1%
I'm
88.1%
I'm
88.1%
I'm
88.1%
your
88.1%
owe
88.1%
dream
88.1%
I've
88.1%
sing
88.1%
I'm
88.1%
your
88.1%
owe
88.1%
dream
88.1%
I've
88.1%
sing
88.1%
owe
88.1%
dream
88.1%
I've
88.1%
sing
88.1%
got
86.6%
hear
86.6%
got
86.6%
hear
86.6%
got
86.6%
hear
86.6%
got
86.6%
hear
86.6%
to
85.1%
not
85.1%
to
85.1%
to
85.1%
not
85.1%
not
85.1%
live
83.6%
up
83.6%
Won't
83.6%
only
83.6%
pride
83.6%
up
83.6%
won't
83.6%
only
83.6%
pride
83.6%
up
83.6%
Won't
83.6%
only
83.6%
pride
83.6%
only
83.6%
pride
83.6%
without
82.1%
we
82.1%
Lyrics
% Correct
giving
82.1%
die
82.1%
we
82.1%
giving
82.1%
die
82.1%
giving
82.1%
die
82.1%
die
82.1%
them
80.6%
know
80.6%
suffocate
80.6%
know
80.6%
suffocate
80.6%
suffocate
80.6%
is
79.1%
You'll
79.1%
is
79.1%
You'll
79.1%
is
79.1%
You'll
79.1%
You'll
79.1%
Take
77.6%
crosses
77.6%
in
77.6%
when
77.6%
when
77.6%
find
77.6%
hell
77.6%
home
77.6%
find
77.6%
hell
77.6%
home
77.6%
find
77.6%
hell
77.6%
home
77.6%
holy
76.1%
were
76.1%
save
76.1%
save
76.1%
pain
74.6%
pain
74.6%
rain
73.1%
problem
73.1%
tried
73.1%
drink
73.1%
now
73.1%
both
73.1%
now
73.1%
tried
73.1%
drink
73.1%
now
73.1%
both
73.1%
Standing
71.6%
But
71.6%
but
71.6%
baptized
68.7%
grave
67.2%
final
67.2%
song
67.2%
alive
67.2%
final
67.2%
song
67.2%
wet
65.7%
it
65.7%
way
65.7%
afterlife
65.7%
afterlife
65.7%
that's
64.2%
have
64.2%
burning
64.2%
say
64.2%
today
64.2%
Words
62.7%
weapons
62.7%
end
62.7%
prayer
61.2%
ignored
59.7%
watched
59.7%
self-righteous
55.2%
pierce
53.7%
into
53.7%
seal
52.2%
are
38.8%
Quiz Playlist
Details
Report
Send in Message
Add To Playlist
Classic:
Type in answers that appear in a list
Last Updated: Jul 6, 2017
Quiz Scoreboard
CHALLENGE
Sign Up to Join the Scoreboard
Show All
Scores
Hide
Comments
May contain spoilers
Recently Published
Find the 'City' Movie
by crazypaving
Movies
60s
5x2 Blitz: Bands
by SL_Kpop136
Music
30s
Colored Red Africa Blitz
by spor1
Geography
30s
More to Explore
Quiz From the Vault
Featured Blog Post
14 Easter Pick-up Lines to Find Eggs With
hide this ad
You Might Also Like...
Tags
black
bride
Today's Top Quizzes in Music
Browse Music
hide this ad
Today's Top Quizzes in bride
Browse bride
Top Contributed Quizzes in Music
1
5X2 Blitz: Bands II
2
Taylor Swift All Songs (2024)
3
Taylor Swift Logic Puzzle II
4
5X2 Blitz: The Beatles
5
5X2 Blitz: Billboard
6
Taylor Swift Logic Puzzle
7
5X2 Blitz: Billboard II
8
5X2 Blitz: Album
9
5X2 Blitz: Singers
10
Music Artist by Three 2010s hits
Explore More
Trending Topics
Harry Potter
Kpop
Disney
Marvel
NBA
Crossword
Anime
The Office
NFL
WWE
Country
Puzzle
Pokémon
Song
Soccer
hide this ad
More By:
LynnHunter
Quiz
Plays
Rating
Category
Featured
Created
Fallen Angels - Black Veil Brides Lyrics
190
4.00
Music
Jul 6, 2017
Knives And Pens - Black Veil Brides Lyrics
142
4.00
Music
Jul 6, 2017
Saviour - Black Veil Brides Lyrics
105
Music
Jul 6, 2017
Perfect Weapon - Black Veil Brides Lyrics
85
Music
Jul 6, 2017
The Mortician's Daughter - Black Veil Brides Lyrics
70
Music
Jul 6, 2017
Go to Creator's Profile
Score Distribution
Quiz Creator Spotlight
LynnHunter
Follow
Send a Message
Quizzes Created
-
Created Quiz Play Count
-
More By This Creator
Popular Quizzes Today
1
Colored Red Africa Blitz
2
Find the 'City' Movie
3
Find the US States - No Outlines Minefield
4
5x2 Blitz: Bands
5
The Countries of the World
6
Find the US States
7
US States
8
9x9 Crossword: Cartoon Network
More Music Quizzes
Unique Words in ABBA Songs
Quiz Lab
Trending Quizzes
Colored Red Europe Blitz I
Colored Red Europe Blitz II
Colored Red Africa Blitz II
Colored Red Europe Blitz III
Colored Red Africa Blitz III
Recently Updated
How Do You Spell That?
pecheneg
Godzilla Movies
pecheneg
Grab Bag: 4-10 Letters
pecheneg
2024 March Madness Bracket
pecheneg
Famous TV Couples
Peacemaker
Champions League XIs: Real Madrid
pecheneg
Largest US Cities 1790-2010
pecheneg
Rides in Walt Disney World
pecheneg
Most Oscar Losses (Acting)
pecheneg
Beyoncé Albums
pecheneg
Trending Topics
Marvel
Disney
NBA
Harry Potter
Kpop
Crossword
Anime
NFL
The Office
Country
WWE
Pokémon
Soccer
Puzzle
Song
Your Account Isn't Verified!
In order to create a playlist on Sporcle, you need to verify the email address you used during registration. Go to your
Sporcle Settings
to finish the process.
Report this User
Report this user for behavior that violates our
Community Guidelines
.
Details:
Send Report
Go to the Sporcle.com Mobile Site →
Comments